000
00218nam a22000857a 4500
008
160905b xxu||||| |||| 00| 0 eng d
100
_9
309
_a
Andrew Kumar
245
_a
Hindi Stories
260
_a
New Delhi
_b
NS publication
_c
2006
999
_c
2969
_d
2969